| 000 | 01148cam a2200349 i 4500 | ||
|---|---|---|---|
| 001 | 1478693 | ||
| 003 | EG-ScBUE | ||
| 005 | 20240919141405.0 | ||
| 008 | 871009r20041965enka f b 001 0 eng d | ||
| 020 | _a9780198534181 | ||
| 020 | _a0198534183 | ||
| 040 |
_aDLC _beng _erda _cDLC _dDLC _dEG-ScBUE |
||
| 082 | 0 | 4 |
_a512.94 _bWIL _222 |
| 100 | 1 |
_aWilkinson, J. H. _q(James Hardy) _eauthor. _938810 |
|
| 245 | 1 | 4 |
_aThe algebraic eigenvalue problem / _cby J. H. Wilkinson. |
| 250 | _aReprint edition. | ||
| 264 | 1 |
_aOxford : _bOxford University Press, _c2004. |
|
| 300 |
_axviii, 662 pages : _billustrations ; _c24 cm. |
||
| 336 |
_2rdacontent _atext _btxt |
||
| 337 |
_aunmediated _2rdamedia _bn |
||
| 338 |
_avolume _bnc _2rdacarrier |
||
| 490 | 0 | _aNumerical mathematics and scientific computation | |
| 490 | 0 | _aMonographs on numerical analysis | |
| 504 | _aIncludes bibliographical references and index. | ||
| 650 | 7 |
_aEquations _xNumerical solutions. _2BUEsh |
|
| 650 | 7 |
_aMatrices. _2BUEsh |
|
| 650 | 7 |
_aAlgebras, Linear. _2BUEsh |
|
| 651 | _2BUEsh | ||
| 653 |
_bENGELC _cDecember2015 |
||
| 655 |
_vReading book _934232 |
||
| 942 |
_2ddc _cBB |
||
| 999 |
_c21099 _d21071 |
||